[Event "EYCC 2024 - O16"]
[Site "?"]
[Date "2024.08.28"]
[Round "6.10"]
[White "Venkatesan, Kavin"]
[Black "Smeets, Kobe"]
[Result "1/2-1/2"]
[BlackElo "2322"]
[WhiteElo "2202"]
[LiveChessVersion "1.4.8"]

1. d4 {[%clk 1:30:55]} d5 {[%clk 1:30:55]} 2. c4 {[%clk 1:31:21]} e6
{[%clk 1:31:21]} 3. Nc3 {[%clk 1:31:44]} c6 {[%clk 1:31:47]} 4. e4
{[%clk 1:32:07]} dxe4 {[%clk 1:32:14]} 5. Nxe4 {[%clk 1:32:30]} Bb4+
{[%clk 1:32:42]} 6. Bd2 {[%clk 1:32:49]} Qxd4 {[%clk 1:33:08]} 7. Bxb4
{[%clk 1:33:11]} Qxe4+ {[%clk 1:33:36]} 8. Be2 {[%clk 1:33:31]} Na6
{[%clk 1:34:02]} 9. Bd6 {[%clk 1:33:54]} Qxg2 {[%clk 1:34:23]} 10. Bf3
{[%clk 1:34:21]} Qg5 {[%clk 1:31:00]} 11. Ne2 {[%clk 1:34:06]} Ne7
{[%clk 1:28:46]} 12. Ng3 {[%clk 1:34:18]} O-O {[%clk 1:05:08]} 13. Ne4
{[%clk 1:34:26]} Qa5+ {[%clk 0:57:21]} 14. b4 {[%clk 1:34:26]} Qd8
{[%clk 0:53:07]} 15. Rg1 {[%clk 1:23:29]} f6 {[%clk 0:51:50]} 16. Qc2
{[%clk 1:08:39]} e5 {[%clk 0:40:05]} 17. Rd1 {[%clk 1:03:17]} Nf5
{[%clk 0:34:07]} 18. b5 {[%clk 0:47:34]} Qa5+ {[%clk 0:29:12]} 19. Qd2
{[%clk 0:42:29]} Qxd2+ {[%clk 0:28:59]} 20. Rxd2 {[%clk 0:42:53]} Nxd6
{[%clk 0:28:20]} 21. Rxd6 {[%clk 0:38:34]} cxb5 {[%clk 0:28:02]} 22. Nxf6+
{[%clk 0:35:35]} Kh8 {[%clk 0:27:29]} 23. Nd7 {[%clk 0:23:20]} Bxd7
{[%clk 0:24:52]} 24. Bxb7 {[%clk 0:23:35]} Nc5 {[%clk 0:23:54]} 25. Bxa8
{[%clk 0:23:46]} Rxa8 {[%clk 0:24:15]} 26. cxb5 {[%clk 0:21:42]} Bxb5
{[%clk 0:23:53]} 27. Rd5 {[%clk 0:21:44]} Rc8 {[%clk 0:23:38]} 28. Kd2
{[%clk 0:21:32]} Bc4 {[%clk 0:16:24]} 29. Rxe5 {[%clk 0:21:39]} Bxa2
{[%clk 0:15:58]} 30. Ke3 {[%clk 0:18:09]} Ne6 {[%clk 0:06:56]} 31. Ra5
{[%clk 0:17:55]} Bb3 {[%clk 0:06:11]} 32. Rxa7 {[%clk 0:17:29]} Re8
{[%clk 0:06:30]} 33. Rga1 {[%clk 0:13:40]} Bd5 {[%clk 0:04:27]} 34. Rd1
{[%clk 0:12:21]} Nc5+ {[%clk 0:03:39]} 35. Kd4 {[%clk 0:08:42]} Bf3
{[%clk 0:03:41]} 36. Rg1 {[%clk 0:09:05]} Ne6+ {[%clk 0:02:57]} 37. Ke3
{[%clk 0:09:30]} Bd5 {[%clk 0:02:32]} 38. Rd1 {[%clk 0:09:44]} Nf8+
{[%clk 0:02:33]} 39. Kd4 {[%clk 0:08:36]} Bf3 {[%clk 0:01:55]} 40. Rd3
{[%clk 0:07:50]} Ne6+ {[%clk 0:02:17]} 41. Kc3 {[%clk 0:07:59]} Bg4
{[%clk 0:01:36]} 42. Re3 {[%clk 0:07:05]} Bf5 {[%clk 0:01:57]} 43. Re5
{[%clk 0:05:51]} g6 {[%clk 0:01:01]} 44. Rb5 {[%clk 0:04:41]} Rc8+
{[%clk 0:00:59]} 45. Kd2 {[%clk 0:04:57]} Rd8+ {[%clk 0:01:14]} 46. Kc3
{[%clk 0:04:22]} Rc8+ {[%clk 0:00:58]} 47. Kd2 {[%clk 0:04:49]} Nd4
{[%clk 0:01:10]} 48. Rbb7 {[%clk 0:04:55]} g5 {[%clk 0:01:27]} 49. Ke3
{[%clk 0:04:53]} Ne6 {[%clk 0:01:38]} 50. Ra5 {[%clk 0:03:50]} Re8
{[%clk 0:01:34]} 51. Re5 {[%clk 0:03:47]} Ng7 {[%clk 0:00:49]} 52. Rxe8+
{[%clk 0:03:48]} Nxe8 {[%clk 0:01:19]} 53. Rb5 {[%clk 0:03:57]} Bg6
{[%clk 0:00:48]} 54. Rxg5 {[%clk 0:04:21]} Kg7 {[%clk 0:01:11]} 55. Ra5
{[%clk 0:04:37]} Nd6 {[%clk 0:01:20]} 56. Kf3 {[%clk 0:04:56]} Nf7
{[%clk 0:00:49]} 57. Kg3 {[%clk 0:05:18]} Bd3 {[%clk 0:00:43]} 58. Ra3
{[%clk 0:05:38]} Bc4 {[%clk 0:01:07]} 59. Ra4 {[%clk 0:06:02]} Be6
{[%clk 0:01:32]} 60. Ra6 {[%clk 0:06:03]} Kf6 {[%clk 0:01:55]} 61. Rb6
{[%clk 0:06:03]} Ne5 {[%clk 0:02:07]} 62. Rb7 {[%clk 0:06:14]} Nf7
{[%clk 0:01:47]} 63. f3 {[%clk 0:06:09]} Ng5 {[%clk 0:01:47]} 64. h4
{[%clk 0:06:17]} Nf7 {[%clk 0:02:00]} 65. Kf4 {[%clk 0:06:37]} h6
{[%clk 0:02:03]} 66. Rb6 {[%clk 0:05:25]} Ne5 {[%clk 0:01:35]} 67. Rb5
{[%clk 0:05:32]} Ng6+ {[%clk 0:01:31]} 68. Kg3 {[%clk 0:06:01]} Ne7
{[%clk 0:01:54]} 69. Ra5 {[%clk 0:05:23]} Nf5+ {[%clk 0:02:05]} 70. Kg4
{[%clk 0:05:49]} Ng7+ {[%clk 0:01:51]} 71. Kf4 {[%clk 0:05:50]} Nf5
{[%clk 0:01:18]} 72. Kg4 {[%clk 0:06:17]} 1/2-1/2

[Event "EYCC 2024 - O16"]
[Site "?"]
[Date "2024.08.28"]
[Round "6.11"]
[White "Medhus, Vitus Bondo"]
[Black "Kiladze, Luka"]
[Result "0-1"]
[BlackElo "2193"]
[WhiteElo "2310"]
[LiveChessVersion "1.4.8"]

1. e4 {[%clk 1:30:57]} c5 {[%clk 1:30:56]} 2. Nf3 {[%clk 1:31:18]} Nc6
{[%clk 1:31:22]} 3. Bb5 {[%clk 1:31:32]} g6 {[%clk 1:31:47]} 4. Bxc6
{[%clk 1:31:48]} dxc6 {[%clk 1:32:16]} 5. d3 {[%clk 1:31:57]} Bg7
{[%clk 1:32:44]} 6. h3 {[%clk 1:32:15]} e5 {[%clk 1:33:11]} 7. Be3
{[%clk 1:32:27]} Qe7 {[%clk 1:33:37]} 8. a4 {[%clk 1:32:28]} Nf6 {[%clk 1:32:48]}
9. Nbd2 {[%clk 1:31:34]} O-O {[%clk 1:29:43]} 10. Nc4 {[%clk 1:19:53]} Rd8
{[%clk 1:26:41]} 11. Qc1 {[%clk 1:15:35]} Ne8 {[%clk 1:21:30]} 12. b3
{[%clk 1:10:11]} f6 {[%clk 1:16:15]} 13. Qa3 {[%clk 1:08:08]} Bf8
{[%clk 1:15:20]} 14. O-O {[%clk 1:00:47]} Nc7 {[%clk 1:14:17]} 15. Nh2
{[%clk 0:55:05]} Ne6 {[%clk 1:03:53]} 16. f4 {[%clk 0:52:52]} exf4
{[%clk 1:03:52]} 17. Bxf4 {[%clk 0:53:11]} Nxf4 {[%clk 0:57:41]} 18. Rxf4
{[%clk 0:53:38]} Bg7 {[%clk 0:55:46]} 19. Raf1 {[%clk 0:52:41]} f5
{[%clk 0:48:06]} 20. Re1 {[%clk 0:43:39]} Qg5 {[%clk 0:36:33]} 21. Qc1
{[%clk 0:39:54]} Bh6 {[%clk 0:35:31]} 22. Ref1 {[%clk 0:39:24]} Qe7
{[%clk 0:32:49]} 23. exf5 {[%clk 0:30:17]} Bxf5 {[%clk 0:28:59]} 24. Re4
{[%clk 0:29:23]} Qg7 {[%clk 0:27:15]} 25. Qe1 {[%clk 0:28:14]} Bxe4
{[%clk 0:27:43]} 26. dxe4 {[%clk 0:28:28]} b5 {[%clk 0:27:08]} 27. Na5
{[%clk 0:28:03]} Bd2 {[%clk 0:27:08]} 28. Qe2 {[%clk 0:27:41]} Bxa5
{[%clk 0:27:21]} 29. axb5 {[%clk 0:27:54]} cxb5 {[%clk 0:26:58]} 30. Qxb5
{[%clk 0:27:31]} Bc7 {[%clk 0:26:51]} 31. Ng4 {[%clk 0:27:21]} Rf8
{[%clk 0:26:50]} 32. Re1 {[%clk 0:26:42]} h5 {[%clk 0:26:40]} 33. Ne3
{[%clk 0:25:00]} Qe5 {[%clk 0:26:36]} 34. Nf1 {[%clk 0:25:01]} Rf7
{[%clk 0:25:54]} 35. Qc6 {[%clk 0:25:17]} Raf8 {[%clk 0:24:25]} 36. Qxg6+
{[%clk 0:25:39]} Rg7 {[%clk 0:24:53]} 37. Qc6 {[%clk 0:25:54]} Rxf1+
{[%clk 0:23:52]} 38. Kxf1 {[%clk 0:25:56]} Qf4+ {[%clk 0:24:20]} 39. Ke2
{[%clk 0:26:07]} Rxg2+ {[%clk 0:24:48]} 40. Kd3 {[%clk 0:26:21]} Qd2+
{[%clk 0:25:17]} 41. Kc4 {[%clk 0:26:37]} Qb4+ {[%clk 0:25:45]} 42. Kd5
{[%clk 0:26:42]} Qd4+ {[%clk 0:26:08]} 43. Ke6 {[%clk 0:27:01]} Rg6+
{[%clk 0:26:37]} 0-1

[Event "EYCC 2024 - O16"]
[Site "?"]
[Date "2024.08.28"]
[Round "6.12"]
[White "Perossa, Nicolas"]
[Black "Vagman, Roy"]
[Result "1/2-1/2"]
[BlackElo "2302"]
[WhiteElo "2187"]
[LiveChessVersion "1.4.8"]

1. e4 {[%clk 1:30:58]} e5 {[%clk 1:30:51]} 2. Nf3 {[%clk 1:31:24]} Nc6
{[%clk 1:31:17]} 3. Bc4 {[%clk 1:31:44]} Bc5 {[%clk 1:31:37]} 4. O-O
{[%clk 1:32:02]} Nf6 {[%clk 1:31:59]} 5. d3 {[%clk 1:32:25]} d6 {[%clk 1:32:09]}
6. c3 {[%clk 1:32:41]} a6 {[%clk 1:32:32]} 7. Nbd2 {[%clk 1:16:59]} Ba7
{[%clk 1:28:31]} 8. a4 {[%clk 1:14:51]} h6 {[%clk 1:28:39]} 9. Bb3
{[%clk 1:13:45]} g5 {[%clk 1:04:58]} 10. Nc4 {[%clk 1:11:30]} g4 {[%clk 0:52:41]}
11. Ne1 {[%clk 1:04:25]} Qe7 {[%clk 0:42:55]} 12. Be3 {[%clk 0:56:04]} Be6
{[%clk 0:39:48]} 13. d4 {[%clk 0:34:39]} exd4 {[%clk 0:35:04]} 14. cxd4
{[%clk 0:31:43]} d5 {[%clk 0:32:22]} 15. Ne5 {[%clk 0:26:45]} Nxe4
{[%clk 0:30:12]} 16. Nxc6 {[%clk 0:26:58]} bxc6 {[%clk 0:30:37]} 17. Nd3
{[%clk 0:20:38]} Qf6 {[%clk 0:22:39]} 18. Nb4 {[%clk 0:16:04]} Bd7
{[%clk 0:13:37]} 19. Nxd5 {[%clk 0:15:07]} cxd5 {[%clk 0:13:45]} 20. Bxd5
{[%clk 0:15:35]} Bc6 {[%clk 0:07:45]} 21. Bxc6+ {[%clk 0:15:58]} Qxc6
{[%clk 0:08:12]} 22. d5 {[%clk 0:16:19]} Qb7 {[%clk 0:07:37]} 23. Qe2
{[%clk 0:02:57]} f5 {[%clk 0:06:27]} 24. f3 {[%clk 0:02:17]} gxf3
{[%clk 0:06:32]} 25. gxf3 {[%clk 0:02:46]} Bxe3+ {[%clk 0:04:00]} 26. Qxe3
{[%clk 0:03:14]} Qxb2 {[%clk 0:03:40]} 27. Kh1 {[%clk 0:03:23]} Rg8
{[%clk 0:02:22]} 28. Rg1 {[%clk 0:03:01]} Rxg1+ {[%clk 0:02:01]} 29. Rxg1
{[%clk 0:03:26]} Qf2 {[%clk 0:01:18]} 30. Qf4 {[%clk 0:00:54]} Ng5
{[%clk 0:01:04]} 31. Qe5+ {[%clk 0:01:17]} Kd7 {[%clk 0:01:01]} 32. Qxf5+
{[%clk 0:01:06]} Ke7 {[%clk 0:00:45]} 33. Qe5+ {[%clk 0:01:26]} Kd7
{[%clk 0:01:09]} 34. Qf5+ {[%clk 0:01:04]} Ke7 {[%clk 0:01:30]} 35. Qe5+
{[%clk 0:01:16]} 1/2-1/2

[Event "EYCC 2024 - O16"]
[Site "?"]
[Date "2024.08.28"]
[Round "6.13"]
[White "Ostensen, Nicolai Maxime"]
[Black "Pashikyan, Rudolf"]
[Result "0-1"]
[BlackElo "2186"]
[WhiteElo "2292"]
[LiveChessVersion "1.4.8"]

1. c4 {[%clk 1:30:53]} e5 {[%clk 1:30:52]} 2. Nc3 {[%clk 1:31:00]} d6
{[%clk 1:31:14]} 3. d4 {[%clk 1:29:59]} Nd7 {[%clk 1:26:39]} 4. g3
{[%clk 1:24:32]} g6 {[%clk 1:25:57]} 5. Bg2 {[%clk 1:21:48]} Bg7 {[%clk 1:25:44]}
6. Nf3 {[%clk 1:21:01]} Ngf6 {[%clk 1:24:20]} 7. O-O {[%clk 1:19:56]} O-O
{[%clk 1:24:00]} 8. e3 {[%clk 1:17:59]} c6 {[%clk 1:22:58]} 9. Qc2
{[%clk 1:16:12]} Re8 {[%clk 1:19:06]} 10. dxe5 {[%clk 1:14:13]} dxe5
{[%clk 1:17:24]} 11. Rd1 {[%clk 1:13:17]} Qc7 {[%clk 1:16:38]} 12. b3
{[%clk 1:12:27]} Nc5 {[%clk 1:15:35]} 13. b4 {[%clk 1:07:17]} Bf5
{[%clk 1:08:59]} 14. Qb2 {[%clk 0:59:56]} Nd3 {[%clk 1:07:54]} 15. Qb3
{[%clk 0:58:18]} Rad8 {[%clk 0:57:43]} 16. Ne1 {[%clk 0:53:43]} e4
{[%clk 0:56:50]} 17. Nxd3 {[%clk 0:53:20]} exd3 {[%clk 0:56:55]} 18. Bd2
{[%clk 0:49:10]} Ng4 {[%clk 0:52:10]} 19. Rac1 {[%clk 0:45:08]} Ne5
{[%clk 0:51:27]} 20. h3 {[%clk 0:41:02]} Qc8 {[%clk 0:45:30]} 21. Kh2
{[%clk 0:34:20]} Be6 {[%clk 0:45:34]} 22. Nd5 {[%clk 0:31:17]} b5
{[%clk 0:45:10]} 23. Nf4 {[%clk 0:31:29]} Bxc4 {[%clk 0:36:37]} 24. Qa3
{[%clk 0:31:33]} Re7 {[%clk 0:36:17]} 25. Bc3 {[%clk 0:31:14]} Red7
{[%clk 0:32:35]} 26. Rd2 {[%clk 0:30:40]} Qc7 {[%clk 0:29:08]} 27. Rcd1
{[%clk 0:29:39]} Qd6 {[%clk 0:23:35]} 28. Bd4 {[%clk 0:27:16]} h5
{[%clk 0:17:07]} 29. Kh1 {[%clk 0:25:31]} h4 {[%clk 0:16:41]} 30. Qc3
{[%clk 0:23:53]} a5 {[%clk 0:12:10]} 31. a3 {[%clk 0:23:45]} a4 {[%clk 0:12:24]}
32. Rc1 {[%clk 0:21:59]} Qe7 {[%clk 0:11:21]} 33. Qa1 {[%clk 0:20:57]} Qg5
{[%clk 0:10:41]} 34. gxh4 {[%clk 0:19:37]} Qf5 {[%clk 0:10:57]} 35. Bb2
{[%clk 0:19:27]} Re7 {[%clk 0:07:09]} 36. Kg1 {[%clk 0:15:52]} Bf6
{[%clk 0:06:20]} 37. Rcd1 {[%clk 0:14:32]} Rd6 {[%clk 0:03:42]} 38. Bc3
{[%clk 0:13:48]} Bxh4 {[%clk 0:03:45]} 39. Bxe5 {[%clk 0:13:15]} Rxe5
{[%clk 0:04:14]} 40. Nxd3 {[%clk 0:12:55]} Bxd3 {[%clk 0:03:53]} 41. Rxd3
{[%clk 0:13:20]} Qxf2+ {[%clk 0:03:43]} 42. Kh1 {[%clk 0:13:43]} Rg5
{[%clk 0:04:04]} 43. R1d2 {[%clk 0:13:19]} Qxd2 {[%clk 0:04:27]} 44. Rxd2
{[%clk 0:13:44]} Rxd2 {[%clk 0:04:54]} 45. Bxc6 {[%clk 0:14:07]} Bf2
{[%clk 0:05:18]} 46. Bg2 {[%clk 0:14:18]} Bxe3 {[%clk 0:05:40]} 0-1

[Event "EYCC 2024 - O16"]
[Site "?"]
[Date "2024.08.28"]
[Round "6.14"]
[White "Rustamov, Rustam"]
[Black "Arnold, Rhys"]
[Result "1/2-1/2"]
[BlackElo "2171"]
[WhiteElo "2283"]
[LiveChessVersion "1.4.8"]

1. e4 {[%clk 1:30:38]} e5 {[%clk 1:30:22]} 2. Nf3 {[%clk 1:30:54]} Nc6
{[%clk 1:30:47]} 3. Bb5 {[%clk 1:31:20]} a6 {[%clk 1:31:07]} 4. Ba4
{[%clk 1:31:44]} Nf6 {[%clk 1:31:33]} 5. O-O {[%clk 1:32:06]} Be7
{[%clk 1:31:20]} 6. Re1 {[%clk 1:30:21]} b5 {[%clk 1:31:45]} 7. Bb3
{[%clk 1:30:48]} d6 {[%clk 1:32:04]} 8. c3 {[%clk 1:30:19]} O-O {[%clk 1:29:36]}
9. h3 {[%clk 1:29:35]} Na5 {[%clk 1:30:04]} 10. Bc2 {[%clk 1:29:45]} c5
{[%clk 1:30:27]} 11. d4 {[%clk 1:30:07]} Qc7 {[%clk 1:30:34]} 12. d5
{[%clk 1:30:15]} Nc4 {[%clk 1:30:37]} 13. b3 {[%clk 1:29:42]} Nb6
{[%clk 1:31:01]} 14. a4 {[%clk 1:29:52]} c4 {[%clk 1:30:49]} 15. axb5
{[%clk 1:28:22]} cxb3 {[%clk 1:28:16]} 16. Bd3 {[%clk 1:22:06]} Nfd7
{[%clk 1:26:07]} 17. Qxb3 {[%clk 1:21:13]} Nc5 {[%clk 1:26:29]} 18. Qd1
{[%clk 1:21:16]} axb5 {[%clk 1:11:16]} 19. Rxa8 {[%clk 1:20:47]} Nxa8
{[%clk 1:11:41]} 20. Bxb5 {[%clk 1:20:51]} f5 {[%clk 1:09:02]} 21. exf5
{[%clk 1:18:37]} Bxf5 {[%clk 1:07:16]} 22. Be3 {[%clk 1:16:36]} Nb6
{[%clk 1:04:06]} 23. Na3 {[%clk 1:11:59]} Ra8 {[%clk 0:51:11]} 24. Bc1
{[%clk 1:01:43]} Be4 {[%clk 0:41:54]} 25. Bc6 {[%clk 1:00:51]} Rf8
{[%clk 0:42:07]} 26. Re3 {[%clk 0:54:49]} Qc8 {[%clk 0:40:11]} 27. Nh2
{[%clk 0:39:18]} Bg5 {[%clk 0:34:01]} 28. Re2 {[%clk 0:37:21]} Bxc1
{[%clk 0:34:08]} 29. Qxc1 {[%clk 0:37:48]} Bxd5 {[%clk 0:32:34]} 30. Bb5
{[%clk 0:37:32]} Ne6 {[%clk 0:30:51]} 31. Qe3 {[%clk 0:36:04]} Qb7
{[%clk 0:27:16]} 32. f3 {[%clk 0:35:52]} Rc8 {[%clk 0:25:29]} 33. Rb2
{[%clk 0:34:10]} Rc5 {[%clk 0:22:45]} 34. Bf1 {[%clk 0:30:21]} Qa7
{[%clk 0:17:34]} 35. c4 {[%clk 0:20:10]} Bc6 {[%clk 0:17:54]} 36. Nc2
{[%clk 0:19:39]} Nd7 {[%clk 0:11:19]} 37. Ng4 {[%clk 0:18:00]} Ra5
{[%clk 0:10:43]} 38. Qxa7 {[%clk 0:18:03]} Rxa7 {[%clk 0:11:09]} 39. Nge3
{[%clk 0:18:15]} g6 {[%clk 0:10:28]} 40. Nb4 {[%clk 0:17:07]} Rb7
{[%clk 0:09:19]} 41. Nec2 {[%clk 0:16:03]} Ba4 {[%clk 0:09:31]} 42. Ra2
{[%clk 0:15:10]} Ndc5 {[%clk 0:09:02]} 43. Nd3 {[%clk 0:14:32]} 1/2-1/2